000
00299nam a2200145Ia 4500
100
_a
Nambudiripad/K.B.M
650
_a
LATEX
942
_c
BK
654
_a
latex
245
_a
Latex for beginners
260
_b
Narosa Publication House
_c
2014
082
_b
NAM
546
_a
ENGLISH
999
_c
26787
_d
26787